000 00843nam a2200205 i 4500
001 158047
003 ES-MaACL
005 20230906210955.0
008 990226s1878 sp |||| | spa d
100 1 _aLópez Martínez, Miguel.
_9227548
245 1 0 _aObservaciones sobre las corridas de toros, y contra la supresión oficial de las mismas /
_cpor Miguel López Martínez.
260 _aMadrid :
_b[s.n.],
_c1878 (
_fEst. Tip. de M. Minuesa)
300 _a48 p. ;
_c19 cm.
510 4 _aPalau,
_c141423
530 _aDisponible en formato digital.
650 4 _aCorridas de toros-
_xAspectos morales.
_9141536
852 _aES-MaACL
_jT-718-F-1
_z- Enc. hol. conservando cub. original
_z- Enc. en un vol. facticio
856 _uhttp://bdh-rd.bne.es/viewer.vm?id=0000092605&page=1
_zBiblioteca Digital Hispánica
999 _c158047
_d158047